| 000 | 00439nam a22001577a 4500 | ||
|---|---|---|---|
| 003 | OSt | ||
| 005 | 20221121091751.0 | ||
| 008 | 221121b |||||||| |||| 00| 0 eng d | ||
| 040 | _cDLC | ||
| 050 | _bC431E | ||
| 082 | _bC431E | ||
| 245 |
_aElementary Management For Spiritual Leader/ _cby Mohan Chacko and C. Sundaraj. |
||
| 260 |
_aDehradun, Uttarakhand: _bPresbyterian Theological Seminary, _c2010. |
||
| 300 | _a164p. | ||
| 942 |
_2ddc _cBK |
||
| 999 |
_c11066 _d11066 |
||